000 00652nam a2200205 a 4500
001 000040190
005 20201002033954.0
008 130814s1993 xxua 001 0 spa d
040 _aDO-SdBNP
_beng
_cBNPHU
082 _axxxx
_bxxxx
100 1 _aO'Day, Kate
_966459
245 1 0 _aAdobe photoshop :
_blimited edition /
_cKate O'Day, Judith Walthers von Alten.
260 _aEstados Unidos :
_b[s.n.],
_c[1993].
300 _axiii, 177 p :
_bil. ;
_c23 cm.
500 _aIncludes glossary
500 _aUser guide and tutorial
500 _aVersion 2.5 for macintosh
590 _aInventariado, 2019 /LP
700 1 _aWalthers von Alten, Judith
_966460
999 _c39680
_d39680